UK football stadiums - Statistics

General Stats
  • This quiz has been taken 101 times
  • The average score is 13 of 22
Answer Stats
Club Nickname Stadium % Correct
England Three Lions Wembley
96%
Liverpool The Reds Anfield
94%
Manchester United The Red Devils Old Trafford
94%
Newcastle United The Magpies St James' Park
91%
Arsenal The Gunners Emirates
88%
Manchester City City Etihad
85%
Sunderland The Black Cats The Stadium of Light
84%
Leicester City The Foxes King Power Stadium
76%
Chelsea The Blues Stamford Bridge
75%
Brighton and Hove Albion The Seagulls The Amex
65%
Milwall The Lions The Den
62%
Crystal Palace The Eagles Selhurst Park
60%
West Bromwich Albion The Baggies The Hawthorns
60%
Norwich City The Canaries Carrow Road
51%
Preston North End The Lilywhites Deepdale
38%
Portsmouth Pompey Fratton Park
36%
Brentford The Bees Griffin Park
28%
Coventry City The Sky Blues Ricoh Arena
27%
Reading The Biscuit Men Madejski Stadium
17%
Leeds United The Peacocks Ellend Road
16%
Leyton Orient The O's Brisbane Road
15%
Queens Park Rangers The R's Kiyan Prince Foundation Stadium
12%
No matching quizzes found
Score Distribution
Percent of People with Each Score
Percentile by Number Answered
Your Score History
You have not taken this quiz